000
00281nam a2200097Ia 4500
005
20251222114408.0
008
251222s1900||||xx |||||||||||||| ||spa||
082
_a
DVD0040/G74/2003
245
0
_a
Piratas del Caribe: la maldición de la perla negra:Pirates of the Caribbean
942
_c
DVD
999
_c
1933
_d
1933